000 00919nam a2200229 a 4500
001 000017776
005 20200929165227.0
008 100331s1987 dr ac 000 0 spa d
040 _aDO-SdBNP
_bspa
_cBNPHU
082 _axxxx
_bR696b
100 1 _aRodríguez Bonilla, Manuel
_938657
245 1 3 _aLa batalla de la barranquita /
_cManuel Rodríguez Bonilla ; presentación Fernando Sánchez Martínez.
260 _aSanto Domingo :
_bUASD,
_c1987.
300 _a337 P. :
_bil., retr. ;
_c22 cm.
490 1 _aPublicaciones de la Universidad Autónoma de Santo Domingo
_v560
490 1 _aHistoria y Sociedad
_v73
500 _aIncluye datos biográficos del autor en la contracubierta
500 _aIncluye notas al pie de las páginas
700 1 _aSánchez Martínez, Fernando,
_97183
830 0 _aPublicaciones de la Universidad Autónoma de Santo Domingo
_n560
_938658
830 0 _aHistoria y Sociedad
_n73
_938659
999 _c17301
_d17301